[Event "Olimpiade 2024 - Donne"]
[Site "Budapest"]
[Date "21.09.2024"]
[Round "10.19"]
[Board "1"]
[White "Rivera, Ingris"]
[Black "Ouellet, Maili-Jade"]
[Result "0-1"]
[WhiteTitle "WIM"]
[BlackTitle "WGM"]
[WhiteElo "2171"]
[BlackElo "2318"]
[WhiteTeam "Colombia"]
[BlackTeam "Canada"]
[WhiteFideId "4402472"]
[BlackFideId "2620472"]
[EventDate "2024.09.11"]

1. d4 Nf6 2. Nf3 d5 3. e3 c5 4. b3 Nc6 5. Bb2 cxd4 6. exd4 Bg4 7. Be2 e6 8. O-O
Bd6 9. Ne5 Bxe2 10. Qxe2 O-O 11. Nd2 Rc8 12. f4 Ne7 13. c3 Re8 14. Rf3 Nd7 15.
Rh3 Nf8 16. Qh5 g6 17. Qe2 f6 18. Ng4 Nf5 19. Rf1 Nd7 20. Qb5 Rc7 21. Qd3 Nb8
22. Rff3 Rd7 23. Nf1 Nc6 24. Bc1 a6 25. Nfe3 Bf8 26. Nf2 Qa5 27. a4 b5 28. axb5
axb5 29. Nc2 b4 30. g4 Nd6 31. Bd2 bxc3 32. Bxc3 Qb6 33. Bd2 f5 34. Re3 Bg7 35.
Re1 Ne4 36. Be3 Rb8 37. Rb1 Ra7 38. gxf5 exf5 39. Nxe4 fxe4 40. Qd1 Ne7 41. Bf2
Nf5 42. Kh1 Qc7 43. Bg1 Qxf4 44. b4 Ra2 45. b5 e3 46. Nb4 Qe4+ 47. Qf3 Qxf3+ 48.
Rxf3 Rxb5 49. Bxe3 Ra3 50. Rc1 Rxe3 51. Rc8+ Bf8 0-1

[Event "Olimpiade 2024 - Donne"]
[Site "Budapest"]
[Date "21.09.2024"]
[Round "10.19"]
[Board "2"]
[White "Li, Yunshan"]
[Black "Argote Heredia, Valentina"]
[Result "1-0"]
[WhiteTitle "WIM"]
[BlackTitle "WIM"]
[WhiteElo "2268"]
[BlackElo "2144"]
[WhiteTeam "Canada"]
[BlackTeam "Colombia"]
[WhiteFideId "8607664"]
[BlackFideId "4431022"]
[EventDate "2024.09.11"]

1. d4 Nf6 2. c4 e6 3. g3 d5 4. Bg2 Bb4+ 5. Nd2 O-O 6. Nf3 dxc4 7. O-O c3 8. bxc3
Bxc3 9. Rb1 Nc6 10. e3 Re8 11. Qc2 Ba5 12. Nc4 Bb6 13. Rd1 Na5 14. Nfe5 Nxc4 15.
Nxc4 c6 16. Ba3 Bc7 17. e4 Qd7 18. Ne3 Bd8 19. d5 exd5 20. exd5 cxd5 21. Nxd5
Qf5 22. Qa4 Re2 23. Nf4 Bd7 24. Qb4 Bb6 25. Nxe2 Qxf2+ 26. Kh1 Qxe2 27. Qd2 Qh5
28. Rf1 Ng4 29. Bf3 Bc6 30. Bxc6 bxc6 31. Rbd1 h6 32. Qe2 Qg6 33. Rf4 Ne3 34.
Rd3 Nd5 35. Rf1 Nf6 36. Rdf3 Re8 37. Qc4 Re6 38. Bb2 Re4 39. Qd3 Qg4 40. Bxf6
gxf6 41. Rxf6 Re3 42. Qc2 Qh5 43. Qxc6 Re2 44. Qa8+ 1-0

[Event "Olimpiade 2024 - Donne"]
[Site "Budapest"]
[Date "21.09.2024"]
[Round "10.19"]
[Board "3"]
[White "Chirivi C, Jenny Astrid"]
[Black "Pham, Bich Ngoc"]
[Result "0-1"]
[WhiteTitle "WIM"]
[BlackTitle "WIM"]
[WhiteElo "2120"]
[BlackElo "2199"]
[WhiteTeam "Colombia"]
[BlackTeam "Canada"]
[WhiteFideId "4403061"]
[BlackFideId "12401285"]
[EventDate "2024.09.11"]

1. d4 Nf6 2. c4 e6 3. Nc3 Bb4 4. Qc2 Nc6 5. Nf3 d6 6. e3 O-O 7. Be2 e5 8. O-O
Bxc3 9. Qxc3 Ne4 10. Qb3 Qe7 11. d5 Nb8 12. Qc2 f5 13. Ne1 a5 14. f3 Nf6 15. b3
c6 16. dxc6 bxc6 17. Bb2 c5 18. Rd1 Be6 19. Nd3 Nc6 20. Nc1 a4 21. Rd2 axb3 22.
axb3 Ne8 23. f4 e4 24. Rfd1 Nb4 25. Qb1 Qb7 26. Bf1 Bf7 27. Be2 h6 28. g4 Be6
29. h3 Qd7 30. Kh2 Qe7 31. Rg1 Qh4 32. Rg3 Ra7 33. Bd1 Kh7 34. gxf5 Bxf5 35. Bg4
g6 36. Bc3 Nf6 37. Bxf5 gxf5 38. Rdg2 d5 39. cxd5 Nbxd5 40. Be5 Nh5 41. Rg4 Qe1
42. Re2 Qf1 43. Qc2 Rc8 44. Rg1 Qf3 45. Qd2 Rd7 46. Qe1 Rg8 47. Rxg8 Kxg8 48. b4
cxb4 49. Nb3 Ndxf4 50. exf4 Qxb3 51. Rg2+ Kh7 52. Qc1 Qd5 53. Qc8 Ng7 54. Qf8
Qg8 55. Qxb4 Qe8 56. Qb6 Ne6 57. Qa5 Nf8 58. Bc3 Qe6 59. Rb2 e3 60. Qa8 Rf7 61.
Qg2 Ng6 62. Qf3 Qe4 63. Kg3 Qd3 64. Rb7 Kg8 65. Rxf7 Kxf7 66. Qb7+ Ne7 67. Qb3+
Qd5 68. Qb6 e2 69. Kf2 Qc4 70. Qf6+ Ke8 71. Qe5 Kd7 72. Ke1 Qd3 73. Ba5 Nd5 74.
Qg7+ Kc6 75. Bd2 Qf3 76. Qg6+ Kc5 77. Qg1+ Kc4 78. Ba5 Nxf4 79. Qg8+ Kb5 80.
Qb8+ Kxa5 81. Qa7+ Kb5 82. Qd7+ Kc4 83. Qa4+ Kc5 84. Qa5+ Kd6 85. Qd8+ Ke5 86.
Qh8+ Ke6 87. Qe8+ Kf6 88. Qf8+ Kg6 89. Qe8+ Kg5 90. Qe7+ Kh5 0-1

[Event "Olimpiade 2024 - Donne"]
[Site "Budapest"]
[Date "21.09.2024"]
[Round "10.19"]
[Board "4"]
[White "Golubeva, Oksana"]
[Black "Lopez Rayo, Isabella"]
[Result "1-0"]
[WhiteTitle "WFM"]
[BlackTitle "WCM"]
[WhiteElo "2119"]
[BlackElo "1952"]
[WhiteTeam "Canada"]
[BlackTeam "Colombia"]
[WhiteFideId "4170164"]
[BlackFideId "4452755"]
[EventDate "2024.09.11"]

1. d4 d5 2. c4 e6 3. Nc3 Bb4 4. Qa4+ Nc6 5. e3 Nf6 6. Bd2 O-O 7. Nf3 a6 8. Qc2
Re8 9. Rd1 h6 10. a3 Bxc3 11. Bxc3 Ne4 12. Bd3 Nxc3 13. Qxc3 dxc4 14. Bxc4 Ne7
15. O-O b5 16. Ba2 Bb7 17. Ne5 Nd5 18. Qd2 Qe7 19. Rc1 Rec8 20. Rc5 Nb6 21. b3
f6 22. Nc6 Bxc6 23. Rxc6 Qxa3 24. Rxe6 Kh8 25. Qc2 Nd7 26. Bb1 Nf8 27. Rc6 a5
28. Rc1 Qb4 29. d5 a4 30. bxa4 Qxa4 31. Qd3 Qa5 32. R6c5 Rab8 33. d6 c6 34. h3
Qb4 35. Kh2 Qb2 36. R5c2 Qe5+ 37. f4 Qe8 38. Rc5 Qd7 39. e4 g6 40. Ba2 Ra8 41.
Qb3 Nh7 42. Qe6 Qa7 43. Rxc6 Rd8 44. Rc7 Qxa2 45. Rxh7+ 1-0

[Event "Olimpiade 2024 - Donne"]
[Site "Budapest"]
[Date "21.09.2024"]
[Round "10.20"]
[Board "1"]
[White "Linares Napoles, Oleiny"]
[Black "Ryjanova, Julia"]
[Result "1/2-1/2"]
[WhiteTitle "WGM"]
[BlackTitle "WGM"]
[WhiteElo "2201"]
[BlackElo "2255"]
[WhiteTeam "Cuba"]
[BlackTeam "Australia"]
[WhiteFideId "3504794"]
[BlackFideId "4127714"]
[EventDate "2024.09.11"]

1. c4 e6 2. Nf3 d5 3. e3 c5 4. d4 Nf6 5. a3 dxc4 6. Bxc4 a6 7. dxc5 Qxd1+ 8.
Kxd1 Bxc5 9. Ke2 Nbd7 10. Nbd2 Bd6 11. b4 Nb6 12. Bb2 Bd7 13. Bd3 Ke7 14. Nc4
Nxc4 15. Bxc4 Rhc8 16. Bd3 a5 17. b5 a4 18. Rhc1 g6 19. e4 Bc5 20. h3 Be8 21. g3
Nd7 22. Ne5 Nxe5 23. Bxe5 f6 24. Bc3 b6 25. Bb4 Bxb4 26. Rxc8 Rxc8 27. axb4 Rc3
28. Kd2 Rb3 29. Bc2 Rxb4 30. Bxa4 Rxe4 31. Bc2 Re5 32. Ra7+ Bd7 33. Bd3 Rd5 34.
Ke3 Kd8 35. h4 Kc8 36. Ra8+ Kc7 37. Rh8 Rh5 38. f4 e5 39. Rf8 exf4+ 40. Kxf4 Rd5
41. Be4 g5+ 42. Ke3 Rxb5 43. Rxf6 gxh4 44. gxh4 h5 45. Rh6 Bg4 46. Kd4 Rb2 47.
Bg6 Rh2 48. Bxh5 Rxh4 49. Rh7+ Bd7+ 50. Ke5 Rh1 51. Bg6 Rc1 52. Kd4 Kd6 53. Bd3
Rc5 54. Bc4 Rg5 55. Rh6+ Kc7 56. Bd5 Rg4+ 57. Ke5 b5 58. Rh7 Rg1 59. Kd4 Rd1+
60. Kc5 Rc1+ 61. Kd4 Re1 62. Kc5 Re5 63. Kd4 Re8 64. Kc5 Re1 1/2-1/2

[Event "Olimpiade 2024 - Donne"]
[Site "Budapest"]
[Date "21.09.2024"]
[Round "10.20"]
[Board "2"]
[White "Zhang, Jilin"]
[Black "Arribas Robaina, Maritza"]
[Result "1-0"]
[WhiteTitle "WGM"]
[BlackTitle "WGM"]
[WhiteElo "2155"]
[BlackElo "2143"]
[WhiteTeam "Australia"]
[BlackTeam "Cuba"]
[WhiteFideId "8602867"]
[BlackFideId "3501418"]
[EventDate "2024.09.11"]

1. e4 e6 2. d4 d5 3. exd5 exd5 4. Nf3 Bd6 5. c4 Qe7+ 6. Be2 c6 7. O-O Nf6 8. Re1
O-O 9. Bg5 h6 10. Bh4 Be6 11. Nc3 Nbd7 12. cxd5 cxd5 13. Bb5 Qd8 14. Ne5 Nb6 15.
Ng6 fxg6 16. Rxe6 g5 17. Bg3 Bxg3 18. hxg3 Qc8 19. Qe1 Ne4 20. Re7 Qf5 21. Nxe4
dxe4 22. Re5 Qf6 23. Rxe4 Rad8 24. Rd1 Rd5 25. Re5 Kh8 26. Bc4 Rd6 27. Bb3 Nd7
28. Re4 Qd8 29. Re7 Nf6 30. Qe5 Re8 31. Rxe8+ Nxe8 32. Qb5 Nf6 33. Qxb7 Rxd4 34.
Rc1 Qa5 35. Qe7 Re4 36. Qf8+ Kh7 37. Bc2 Qf5 38. Bxe4 Qxe4 39. Qc5 Qb7 40. Qc2+
Kg8 41. Qc8+ 1-0

[Event "Olimpiade 2024 - Donne"]
[Site "Budapest"]
[Date "21.09.2024"]
[Round "10.20"]
[Board "3"]
[White "Miranda Llanes, Yerisbel"]
[Black "Nguyen, Thu Giang"]
[Result "1-0"]
[WhiteTitle "WGM"]
[BlackTitle "WFM"]
[WhiteElo "2294"]
[BlackElo "2068"]
[WhiteTeam "Cuba"]
[BlackTeam "Australia"]
[WhiteFideId "3507700"]
[BlackFideId "12400980"]
[EventDate "2024.09.11"]

1. d4 Nf6 2. c4 e6 3. Nc3 Bb4 4. e3 O-O 5. Bd3 d5 6. a3 Bxc3+ 7. bxc3 dxc4 8.
Bxc4 c5 9. Ne2 Qc7 10. Ba2 b6 11. O-O Rd8 12. Bb2 Ba6 13. Re1 Nc6 14. Ng3 Rac8
15. Qf3 Bb7 16. Qe2 e5 17. Rad1 Ne7 18. c4 Ng6 19. d5 Qd7 20. Bb1 Qe8 21. Nf5 b5
22. e4 Nf4 23. Qf3 bxc4 24. Qc3 Ng6 25. Qxc4 Qf8 26. f4 Nd7 27. g3 Kh8 28. h4
Nb6 29. Qc1 f6 30. h5 Ne7 31. Nxe7 Qxe7 32. fxe5 fxe5 33. Qc3 Nd7 34. Bc2 Qg5
35. Ba4 Nb6 36. Bc2 Re8 37. Rf1 Ba6 38. Rf5 Qg4 39. h6 Nc4 40. Bc1 Re7 41. Bg5
Rb7 42. hxg7+ Kg8 43. Bh6 Rxg7 44. Bxg7 Kxg7 45. d6 Bb5 46. Rb1 Bc6 47. Qxc4
Qxg3+ 48. Kf1 Qh3+ 49. Ke1 Qg3+ 50. Kd2 Qh2+ 51. Kc3 Be8 52. d7 1-0

[Event "Olimpiade 2024 - Donne"]
[Site "Budapest"]
[Date "21.09.2024"]
[Round "10.20"]
[Board "4"]
[White "Shen, Zhiyuan"]
[Black "Forgas Moreno, Yaniela"]
[Result "1-0"]
[BlackTitle "WGM"]
[WhiteElo "1969"]
[BlackElo "2203"]
[WhiteTeam "Australia"]
[BlackTeam "Cuba"]
[WhiteFideId "8608482"]
[BlackFideId "3508072"]
[EventDate "2024.09.11"]

1. e4 g6 2. d4 Bg7 3. Nc3 c6 4. h3 d5 5. e5 f6 6. Nf3 Nh6 7. Bf4 Nf7 8. exf6
exf6 9. Bd3 O-O 10. O-O Re8 11. Re1 Nd7 12. Ne2 Nf8 13. Bh2 Ne6 14. c4 Neg5 15.
Nd2 dxc4 16. Bxc4 Be6 17. Qb3 b5 18. Bxe6 Nxe6 19. Nf3 Qd7 20. Rad1 Rad8 21. Bg3
Bf8 22. a3 Kg7 23. Nf4 Nxf4 24. Bxf4 Bd6 25. Bxd6 Rxe1+ 26. Rxe1 Qxd6 27. Re6
Qd7 28. Qe3 Qd5 29. Re7 Rd7 30. Re8 a5 31. Qe1 a4 32. Qb4 Nd6 33. Rb8 Qc4 34.
Qe1 Qf7 35. Qb4 Qd5 36. Ra8 c5 37. Qa5 cxd4 38. Ra7 Nf5 39. Qd8 Rxa7 40. Qxd5 1-0

[Event "Olimpiade 2024 - Donne"]
[Site "Budapest"]
[Date "21.09.2024"]
[Round "10.21"]
[Board "1"]
[White "Theissl Pokorna, Regina"]
[Black "Stojkovska, Monika"]
[Result "1/2-1/2"]
[WhiteTitle "WGM"]
[BlackTitle "WFM"]
[WhiteElo "2302"]
[BlackElo "2043"]
[WhiteTeam "Austria"]
[BlackTeam "North Macedonia"]
[WhiteFideId "14902052"]
[BlackFideId "15002594"]
[EventDate "2024.09.11"]

1. Nf3 Nf6 2. g3 b6 3. Bg2 Bb7 4. O-O e6 5. c4 Be7 6. Nc3 O-O 7. Re1 d5 8. cxd5
exd5 9. d4 Nbd7 10. Bf4 c5 11. Rc1 a6 12. dxc5 Nxc5 13. Nd4 Qd7 14. b4 Ne6 15.
Nxe6 Qxe6 16. a3 Rac8 17. Na4 Ne4 18. Qd4 b5 19. Qb6 Qd7 20. Bxe4 dxe4 21. Rcd1
Qc6 22. Rc1 Qd7 23. Rcd1 Qc6 24. Qxc6 Rxc6 25. Nc5 Bxc5 26. bxc5 Re8 27. Rc1
Rcc8 28. Red1 Bc6 29. Rd6 Red8 30. Rcd1 Rxd6 31. Rxd6 f6 32. Bd2 Kf7 33. Kf1 Ke8
34. Ba5 Bd7 35. Bb6 Rc6 36. Rd4 Re6 37. e3 f5 38. h4 Rc6 39. Ke1 a5 40. Kd2 Rc8
41. Kc3 a4 42. h5 Ke7 43. Rd5 Rc6 44. Rd1 Rh6 45. Rh1 g6 46. Kd4 Ke6 47. Bc7 1/2-1/2

[Event "Olimpiade 2024 - Donne"]
[Site "Budapest"]
[Date "21.09.2024"]
[Round "10.21"]
[Board "2"]
[White "Manova, Ivana"]
[Black "Exler, Veronika"]
[Result "1/2-1/2"]
[BlackTitle "WIM"]
[WhiteElo "2031"]
[BlackElo "2176"]
[WhiteTeam "North Macedonia"]
[BlackTeam "Austria"]
[WhiteFideId "15003590"]
[BlackFideId "1620550"]
[EventDate "2024.09.11"]

1. e4 c6 2. d4 d5 3. e5 Bf5 4. h4 a6 5. g4 Bd7 6. Bh3 e6 7. g5 c5 8. c3 Nc6 9.
Ne2 Qb6 10. O-O cxd4 11. cxd4 h6 12. g6 fxg6 13. Be3 Nce7 14. Nbc3 Nf5 15. h5
Bb4 16. hxg6 Bxc3 17. bxc3 Bb5 18. Re1 Bxe2 19. Rxe2 Nge7 20. Rb1 Qc6 21. Reb2
b5 22. a4 Rb8 23. Bd2 O-O 24. Qg4 Rb7 25. Bf1 Rfb8 26. axb5 axb5 27. Rb3 Qd7 28.
Bc1 Qe8 29. Bd3 Qxg6 30. Qxg6 Nxg6 31. Rxb5 Rxb5 32. Rxb5 Rxb5 33. Bxb5 Kf7 34.
Kh2 Nge7 35. Kh3 Nc8 36. Ba3 Nce7 37. Bd7 Ng6 38. Kg4 Ngh4 39. Bb5 Ng6 40. Bd3
Nge7 41. Bxe7 Nxe7 42. Kh5 Nf5 43. Kg4 Ne7 44. f4 g6 45. Bc2 Nc8 46. Bd3 Nb6 47.
Be2 Kg7 48. Kh4 1/2-1/2

[Event "Olimpiade 2024 - Donne"]
[Site "Budapest"]
[Date "21.09.2024"]
[Round "10.21"]
[Board "3"]
[White "Schloffer, Jasmin-Denise"]
[Black "Zhezhovska, Monika"]
[Result "1-0"]
[WhiteTitle "WIM"]
[WhiteElo "2168"]
[BlackElo "2106"]
[WhiteTeam "Austria"]
[BlackTeam "North Macedonia"]
[WhiteFideId "1631209"]
[BlackFideId "15007588"]
[EventDate "2024.09.11"]

1. d4 d5 2. c4 e6 3. Nc3 a6 4. cxd5 exd5 5. Bf4 Nf6 6. e3 Bd6 7. Bg5 Be6 8. Bd3
Nbd7 9. Qc2 h6 10. Bh4 c6 11. Nge2 O-O 12. h3 b5 13. O-O c5 14. a3 Rc8 15. Qd1
c4 16. Bc2 Qb6 17. f4 g6 18. g4 g5 19. fxg5 hxg5 20. Bxg5 Kg7 21. Nf4 Qb7 22.
Qf3 Rce8 23. Bxf6+ Nxf6 24. g5 Nh7 25. Nh5+ 1-0

[Event "Olimpiade 2024 - Donne"]
[Site "Budapest"]
[Date "21.09.2024"]
[Round "10.21"]
[Board "4"]
[White "Trajkovska, Sanja"]
[Black "Hapala, Elisabeth"]
[Result "0-1"]
[BlackTitle "WIM"]
[WhiteElo "1921"]
[BlackElo "2113"]
[WhiteTeam "North Macedonia"]
[BlackTeam "Austria"]
[WhiteFideId "15001822"]
[BlackFideId "1622080"]
[EventDate "2024.09.11"]

1. e4 c5 2. Nf3 e6 3. d4 cxd4 4. Nxd4 Nc6 5. Nc3 Qc7 6. Nxc6 bxc6 7. Bd3 Nf6 8.
O-O d5 9. exd5 exd5 10. Re1+ Be7 11. Ne2 O-O 12. Bf4 Qb6 13. Be3 Qxb2 14. Bd4
Qb7 15. Rb1 Qc7 16. Ng3 Bg4 17. Qd2 Rfe8 18. Qg5 h6 19. Qh4 Be6 20. Nf5 Bxf5 21.
Bxf5 Ne4 22. Qg4 Bf6 23. Rxe4 Rxe4 24. Bxe4 Bxd4 25. Bxd5 Bxf2+ 26. Kxf2 cxd5
27. Qf5 Qxh2 28. Qxd5 Qh4+ 29. Kg1 Rd8 30. Qa5 Qd4+ 31. Kf1 Rd5 32. Qb4 Rf5+ 33.
Ke1 Qe3+ 0-1

[Event "Olimpiade 2024 - Donne"]
[Site "Budapest"]
[Date "21.09.2024"]
[Round "10.22"]
[Board "1"]
[White "Cramling, Pia"]
[Black "Goossens, Hanne"]
[Result "1-0"]
[WhiteTitle "GM"]
[BlackTitle "WIM"]
[WhiteElo "2425"]
[BlackElo "2189"]
[WhiteTeam "Sweden"]
[BlackTeam "Belgium"]
[WhiteFideId "1700030"]
[BlackFideId "200468"]
[EventDate "2024.09.11"]

1. Nf3 d5 2. g3 g6 3. Bg2 Bg7 4. d4 c6 5. O-O Nf6 6. b3 O-O 7. Bb2 Ne4 8. Nbd2
Nxd2 9. Qxd2 Nd7 10. c4 dxc4 11. bxc4 e5 12. Rfd1 exd4 13. Nxd4 Ne5 14. Qc2 Qb6
15. Rab1 Qa6 16. Rdc1 Rd8 17. Qb3 Rb8 18. h3 Nd7 19. Rd1 Nb6 20. Nxc6 Rxd1+ 21.
Rxd1 bxc6 22. Rd8+ Bf8 23. Qc3 1-0

[Event "Olimpiade 2024 - Donne"]
[Site "Budapest"]
[Date "21.09.2024"]
[Round "10.22"]
[Board "2"]
[White "Vanduyfhuys, Daria"]
[Black "Agrest, Inna"]
[Result "1-0"]
[WhiteTitle "WFM"]
[BlackTitle "WIM"]
[WhiteElo "2112"]
[BlackElo "2197"]
[WhiteTeam "Belgium"]
[BlackTeam "Sweden"]
[WhiteFideId "246336"]
[BlackFideId "1708830"]
[EventDate "2024.09.11"]

1. d4 d5 2. c4 e6 3. Nf3 c5 4. cxd5 exd5 5. g3 Nc6 6. Bg2 Nf6 7. O-O Ne4 8. Nc3
f5 9. dxc5 Be6 10. Bf4 Bxc5 11. Nb5 Bb6 12. Nfd4 Nxd4 13. Nxd4 Qf6 14. Be3 O-O
15. a4 Bf7 16. a5 Bc7 17. Nb5 Be5 18. Bd4 a6 19. Bxe5 Qxe5 20. Nd4 Rac8 21. e3
Rc4 22. Qd3 Rfc8 23. Bh3 g6 24. Rfd1 R8c7 25. Bf1 Kg7 26. Qe2 Qf6 27. Qe1 R4c5
28. Rdc1 g5 29. b4 Rxc1 30. Rxc1 Rxc1 31. Qxc1 f4 32. Qb2 Kg8 33. Qc2 Kg7 34.
Bh3 Bg6 35. Qc7+ Kh6 36. gxf4 g4 37. Bg2 Nd6 38. Bxd5 g3 39. hxg3 Bd3 40. Qd7
Nf5 41. Qe6 Qxe6 42. Nxe6 1-0

[Event "Olimpiade 2024 - Donne"]
[Site "Budapest"]
[Date "21.09.2024"]
[Round "10.22"]
[Board "3"]
[White "Cramling Bellon, Anna"]
[Black "De Rycke, Tyani"]
[Result "1/2-1/2"]
[WhiteTitle "WFM"]
[BlackTitle "WFM"]
[WhiteElo "2066"]
[BlackElo "2110"]
[WhiteTeam "Sweden"]
[BlackTeam "Belgium"]
[WhiteFideId "32009232"]
[BlackFideId "247936"]
[EventDate "2024.09.11"]

1. d4 Nf6 2. c4 g6 3. Nc3 Bg7 4. e4 d6 5. Be2 Nbd7 6. Be3 e5 7. d5 Nc5 8. Qc2 a5
9. h4 h5 10. f3 Nfd7 11. O-O-O Bh6 12. Bxh6 Rxh6 13. Qd2 Rh8 14. g3 Qe7 15. Nh3
Nb6 16. Nf2 a4 17. Qg5 Bd7 18. g4 Qxg5+ 19. hxg5 Ke7 20. gxh5 Rxh5 21. Rxh5 gxh5
22. Rh1 Rh8 23. f4 exf4 24. Rxh5 Rxh5 25. Bxh5 Nxc4 26. Ne2 Ne5 27. Nxf4 Bb5 28.
Kc2 Bc4 29. a3 Bb3+ 30. Kc3 Ba2 31. Ne2 Bb1 32. Ng3 Kf8 33. Bd1 Kg7 34. Bh5 Ng6
35. Nf5+ Kh7 36. Kd4 Ne5 37. Ne3 Nb3+ 38. Kc3 Nc5 39. Kd4 Nb3+ 40. Kc3 Nc5 41.
Kd4 1/2-1/2

[Event "Olimpiade 2024 - Donne"]
[Site "Budapest"]
[Date "21.09.2024"]
[Round "10.22"]
[Board "4"]
[White "Dierckens, Sarah"]
[Black "Valcu, Lavinia"]
[Result "0-1"]
[WhiteElo "1943"]
[BlackElo "2076"]
[WhiteTeam "Belgium"]
[BlackTeam "Sweden"]
[WhiteFideId "205745"]
[BlackFideId "1752197"]
[EventDate "2024.09.11"]

1. e4 e5 2. Nf3 Nc6 3. Bc4 Nf6 4. d3 Be7 5. O-O O-O 6. Nc3 d6 7. h3 Na5 8. Bb3
Nxb3 9. axb3 Re8 10. Be3 Bf8 11. Nd2 d5 12. exd5 Nxd5 13. Nxd5 Qxd5 14. Ne4 b6
15. Qh5 Bb7 16. f3 Re6 17. Ng5 Rh6 18. Qxf7+ Qxf7 19. Nxf7 Kxf7 20. Bxh6 Bc5+
21. Kh1 gxh6 22. Rae1 Bd6 23. f4 exf4 24. d4 Rg8 25. Re2 Rg3 26. Kh2 f3 27. Ref2
Rxg2+ 28. Kh1 Rxf2 29. Rxf2 Bg3 30. Rf1 f2+ 0-1

[Event "Olimpiade 2024 - Donne"]
[Site "Budapest"]
[Date "21.09.2024"]
[Round "10.23"]
[Board "1"]
[White "Noshin, Anjum"]
[Black "Dolgova, Olga"]
[Result "1/2-1/2"]
[WhiteTitle "WFM"]
[BlackTitle "WIM"]
[WhiteElo "2085"]
[BlackElo "2171"]
[WhiteTeam "Bangladesh"]
[BlackTeam "Norway"]
[WhiteFideId "10218564"]
[BlackFideId "4158296"]
[EventDate "2024.09.11"]

1. e4 c6 2. d4 d5 3. e5 Bf5 4. h4 a6 5. h5 h6 6. g4 Bd7 7. f4 c5 8. c3 e6 9. Nf3
Qc7 10. Rh2 Ne7 11. a4 Nec6 12. b3 Be7 13. Bb2 cxd4 14. cxd4 Nb4 15. Na3 N8c6
16. Kf2 f6 17. Bd3 Nxd3+ 18. Qxd3 O-O-O 19. Rc1 Kb8 20. Kg3 Qb6 21. Nc2 Rc8 22.
Ne3 fxe5 23. Nxe5 Nxe5 24. dxe5 Bc5 25. Nc2 Rhf8 26. Nd4 Be7 27. Rxc8+ Rxc8 28.
Rc2 Rxc2 29. Qxc2 Bc5 30. Qd3 Qc7 31. Qg6 Bxd4 32. Bxd4 Qc1 33. Qd3 Be8 34. Qc3
Qxc3+ 35. Bxc3 g6 36. g5 gxh5 37. gxh6 Bg6 38. Kh4 Kc8 39. Kg5 Bf5 40. Kxh5 Kd7
41. Kg5 Ke7 42. Bd4 Kf7 43. b4 Bc2 44. a5 Bd3 45. Bc5 Bf5 46. Bd4 Bd3 47. Bc5
Bf5 1/2-1/2

[Event "Olimpiade 2024 - Donne"]
[Site "Budapest"]
[Date "21.09.2024"]
[Round "10.23"]
[Board "2"]
[White "Koskela, Niina"]
[Black "Ahmed, Walijah"]
[Result "1-0"]
[WhiteTitle "WGM"]
[BlackTitle "WCM"]
[WhiteElo "2173"]
[BlackElo "1936"]
[WhiteTeam "Norway"]
[BlackTeam "Bangladesh"]
[WhiteFideId "500755"]
[BlackFideId "2831193"]
[EventDate "2024.09.11"]

1. e4 c5 2. Nf3 e6 3. d3 Nc6 4. g3 d6 5. Bg2 Nf6 6. O-O Be7 7. c4 O-O 8. Nc3 e5
9. h3 h6 10. Be3 a6 11. a4 Be6 12. Ne1 Rb8 13. f4 Nd4 14. Nf3 Nxf3+ 15. Qxf3 Bd7
16. Qf2 Qc8 17. g4 Nh7 18. Nd5 Bd8 19. fxe5 Be6 20. exd6 Bxd5 21. cxd5 b6 22. e5
Qd7 23. Be4 1-0

[Event "Olimpiade 2024 - Donne"]
[Site "Budapest"]
[Date "21.09.2024"]
[Round "10.23"]
[Board "3"]
[White "Nusrat Jahan, Alo"]
[Black "Stanford, Sheila Barth"]
[Result "0-1"]
[WhiteTitle "WCM"]
[BlackTitle "WIM"]
[WhiteElo "2033"]
[BlackElo "2175"]
[WhiteTeam "Bangladesh"]
[BlackTeam "Norway"]
[WhiteFideId "10226826"]
[BlackFideId "1500953"]
[EventDate "2024.09.11"]

1. e4 c6 2. d4 g6 3. Nf3 Bg7 4. Nc3 d5 5. e5 f6 6. h3 Nh6 7. exf6 exf6 8. Bf4
O-O 9. Qd2 Re8+ 10. Be2 Nf7 11. O-O-O b5 12. g4 b4 13. Na4 Nd6 14. Bxd6 Qxd6 15.
Rde1 Be6 16. Nh4 Nd7 17. f4 Bf7 18. f5 g5 19. Nf3 Re4 20. Bd3 Rxe1+ 21. Rxe1 Re8
22. Rxe8+ Bxe8 23. Qe3 Bf7 24. Nd2 Bf8 25. Nb3 Qh2 26. Nac5 Bd6 27. Ne6 Nf8 28.
Nbc5 Nxe6 29. Nxe6 Bf4 30. Nxf4 gxf4 31. Qf3 Qg1+ 32. Kd2 Qxd4 33. c3 Qe5 34. h4
h6 35. Qf2 bxc3+ 36. bxc3 a5 37. a3 Qd6 38. Qb6 f3 39. g5 hxg5 40. hxg5 Qf4+ 41.
Qe3 Qxg5 42. Qxg5+ fxg5 43. Ke3 Bh5 44. Ba6 Kg7 45. Bb7 c5 46. Bxd5 Kf6 47. Be4
Ke5 48. Bd3 g4 49. Kf2 Kf4 50. f6 g3+ 51. Kf1 Ke5 0-1

[Event "Olimpiade 2024 - Donne"]
[Site "Budapest"]
[Date "21.09.2024"]
[Round "10.23"]
[Board "4"]
[White "Machlik, Monika"]
[Black "Hamid, Rani"]
[Result "1-0"]
[BlackTitle "WIM"]
[WhiteElo "2109"]
[BlackElo "1900"]
[WhiteTeam "Norway"]
[BlackTeam "Bangladesh"]
[WhiteFideId "1513621"]
[BlackFideId "10200096"]
[EventDate "2024.09.11"]

1. d4 d5 2. c4 e6 3. Nc3 Nf6 4. cxd5 exd5 5. Bg5 Nbd7 6. e3 c6 7. Bd3 Be7 8. h3
O-O 9. Qc2 Re8 10. Bf4 Nf8 11. Nf3 Bd6 12. Bxd6 Qxd6 13. O-O Ng6 14. Rfe1 Bd7
15. b4 b5 16. Rab1 a5 17. bxa5 Rxa5 18. a4 b4 19. Na2 Rb8 20. Rb2 c5 21. dxc5
Rxc5 22. Qb1 Ra5 23. Rxb4 Rxb4 24. Qxb4 Qxb4 25. Nxb4 Rxa4 26. Rb1 Kf8 27. Bc2
Ra5 28. Rd1 Rb5 29. Rd4 Rc5 30. Bb3 Be6 31. g4 h6 32. Kg2 Ke7 33. Ba2 Kd6 34.
Nd2 Rc3 35. Bxd5 Bxd5+ 36. Nxd5 Rc1 37. Nxf6+ Ke6 38. Nfe4 Nh4+ 39. Kh2 g5 40.
Rb4 Rc6 41. Ra4 Ng6 42. Nf3 Kd5 43. Rd4+ Ke6 44. Rd2 Rb6 45. Kg3 Ke7 46. Nd4 Ne5
47. Nf5+ Ke8 48. Ned6+ Kf8 49. Nc4 1-0